<?xml version="1.0" encoding="utf-8"?>
<?xml-stylesheet type='text/xsl' href='./oai2.xsl'?>
<OAI-PMH xmlns="http://www.openarchives.org/OAI/2.0/" xmlns:xsi="http://www.w3.org/2001/XMLSchema-instance" xsi:schemaLocation="http://www.openarchives.org/OAI/2.0/ http://www.openarchives.org/OAI/2.0/OAI-PMH.xsd">
  <responseDate>2026-06-05T17:17:33Z</responseDate>
  <request verb="GetRecord" metadataPrefix="marcxml" identifier="record_kuniweb_414322">https://kulturerbe.niedersachsen.de/oai</request>
  <GetRecord>
    <record>
      <header>
        <identifier>record_kuniweb_414322</identifier>
        <datestamp>2026-03-31T19:09:18Z</datestamp>
        <setSpec>slg0184</setSpec>
      </header>
      <metadata>
        <marc:record xmlns:marc="http://www.loc.gov/MARC21/slim" xsi:schemaLocation="http://www.loc.gov/MARC21/slim http://www.loc.gov/standards/marcxml/schema/MARC21slim.xsd">
          <marc:leader>12345nkm  22     uu 4500</marc:leader>
          <marc:controlfield tag="001">414322</marc:controlfield>
          <marc:controlfield tag="003">http://kuniweb.gbv.de</marc:controlfield>
          <marc:controlfield tag="005">2018-01-26T13:00:26</marc:controlfield>
          <marc:controlfield tag="008">|           ||||||||||||||||||||||</marc:controlfield>
          <marc:datafield tag="245" ind1="1" ind2="0">
            <marc:subfield code="a">Entwurf eines Palastes - Aufriss der Eingangsseite</marc:subfield>
          </marc:datafield>
          <marc:datafield tag="720" ind1=" " ind2=" ">
            <marc:subfield code="a">Peter Joseph Krahe</marc:subfield>
          </marc:datafield>
          <marc:datafield tag="655" ind1=" " ind2="7">
            <marc:subfield code="a">Grafik</marc:subfield>
          </marc:datafield>
          <marc:datafield tag="046" ind1=" " ind2=" ">
            <marc:subfield code="k">1792</marc:subfield>
            <marc:subfield code="k">1792</marc:subfield>
          </marc:datafield>
          <marc:datafield tag="260" ind1=" " ind2=" ">
            <marc:subfield code="g">1792</marc:subfield>
            <marc:subfield code="g">1792</marc:subfield>
          </marc:datafield>
          <marc:datafield tag="300" ind1=" " ind2=" ">
            <marc:subfield code="a">Breite: 54,2 cm
Höhe: 38 cm</marc:subfield>
          </marc:datafield>
          <marc:datafield tag="520" ind1=" " ind2=" ">
            <marc:subfield code="a">Hoher dreigeschossiger Bau. Wandaufbau: über glattem Sockelstreifen folgt ein mit Quaderung überzogenes EG mit Keilsteinen über den eingeschnittenen Fenstern, Quaderketten an den Ecken und eingeschnittenem Portal mit kleiner, dreiseitger Freitreppe, abgeschlossen von einem attika-artigen Band., das dem Hauptgeschoss als Brüstung dient. Beide Obergeschosse sind durch eine gemeinsame, glatt verputzte Wand zusammengefaßt: gerahmte Fenster im Hauptgeschoss, darüber eingeschnittene, niedrigere Fenmster mit vorspringenden Sohlbänken, die Mitte hervorgehoben durch Giebelverdachungen der drei mittleren Fenster und einen schmalen Balkon auf kannelierten Konsolen. Abschließendes Gebälk aus Architrav, Fries mit eingelassenen Fenstern eines Mezzaningeschosses, einer Inschrift "ERECTUM Ao. ST. MDCCXCII", und vorspringendem Kranzgesims mit Zahnleiste, darüber hohes Walmdach mit zwei Reihen von Gaupen und breiter belvedere-artiger Überhöhung des Firstes (vgl. Kat. 319). Seitlich anschließende Mauern in Höhe des EGs.  (Dorn, Bd. 2, S. 154/ 155, Kat. 332; Städtisches Museum Braunschweig)

Stempel:
Krahe 49 (Roter Stempel und Tuschenummerierung oben rechts)

Aufschrift:
"P. Krahe inv et erescit" (Signatur unten rechts (Bleistift, Fr. M. Krahe))

Beschrieben in:
R. Dorn, „Bauten und Projekte Peter Joseph Krahes in Düsseldorf, Koblenz, Hannover und Braunschweig 1787 - 1806 : Untersuchungen des zeichnerischen Nachlasses und beschreibender Katalog. Peter Joseph Krahe / Leben und Werk ; Bd. 2“. Klinkhardt &amp; Biermann, Braunschweig, 1971. (S. 154/ 155, Kat. 332, Abb. 45, S. 376)</marc:subfield>
          </marc:datafield>
          <marc:datafield tag="650" ind1="1" ind2=" ">
            <marc:subfield code="a">Graphik</marc:subfield>
          </marc:datafield>
          <marc:datafield tag="650" ind1="1" ind2=" ">
            <marc:subfield code="a">Grafik, Fotografie &gt; Zeichnung</marc:subfield>
          </marc:datafield>
          <marc:datafield tag="650" ind1="1" ind2=" ">
            <marc:subfield code="a">Zeichnung/Grafik</marc:subfield>
          </marc:datafield>
          <marc:datafield tag="650" ind1="1" ind2=" ">
            <marc:subfield code="a">Koblenz (Rheinland-Pfalz)</marc:subfield>
          </marc:datafield>
          <marc:datafield tag="773" ind1="0" ind2=" ">
            <marc:subfield code="t">Sammlung Grafik</marc:subfield>
          </marc:datafield>
          <marc:datafield tag="852" ind1=" " ind2=" ">
            <marc:subfield code="a">Städtisches Museum Braunschweig</marc:subfield>
          </marc:datafield>
          <marc:datafield tag="" ind1=" " ind2=" ">
            <marc:subfield code="a">Namensnennung - Nicht kommerziell - Keine Bearbeitungen 4.0 International (CC BY-NC-ND 4.0)</marc:subfield>
          </marc:datafield>
        </marc:record>
      </metadata>
    </record>
  </GetRecord>
</OAI-PMH>
